| 000 | 01408cam a2200265 i 4500 | ||
|---|---|---|---|
| 003 | SA-RiAUC | ||
| 005 | 20250122141629.0 | ||
| 008 | 250121q19001999su g b 00000 ara c | ||
| 040 |
_aSA-JeALM _bara _cSA-RiAUC _erda |
||
| 043 | _aa-su--- | ||
| 082 | 0 | 4 | _a011.75009531 |
| 090 |
_a011.75009531 _b ك ن و |
||
| 100 | 1 |
_aالكنوي، محمد عثمان. _eمؤلف. |
|
| 245 | 1 | 2 |
_aالدليل الببليوجرافي للرسائل الجامعية الدكتوراه والماجستير الموجودة في المكتبة المركزية لجامعة الملك عبد العزيز بمكة المكرمة / _cإعداد محمد عثمان الكنوي، هاشم عبد الواحد أحمد ؛ إشراف عبد اللطيف عبد الله بن دهيش. |
| 264 | 1 |
_aمكة المكرمة : _bجامعة الملك عبد العزيز، عمادة شؤون المكتبات، _c[بين 1900 و1999] |
|
| 300 |
_aمجلد ؛ _c24 سم |
||
| 336 |
_aنص _btxt _2rdacontent _3كتاب |
||
| 337 |
_aبدون وسيط _bn _2rdamedia |
||
| 338 |
_aمجلد _bnc _2rdacarrier |
||
| 650 | 7 |
_aالرسائل الجامعية _vببليوجرافيات _2aucsh |
|
| 700 | 1 |
_aأحمد، هاشم عبد الواحد. _eمؤلف. |
|
| 700 | 1 |
_aابن دهيش، عبد اللطيف بن عبد الله، _d1943- _eمشرف. |
|
| 942 |
_2ddc _cBOOK _n0 |
||
| 949 |
_aSA-JeALM _d250121 _umohamedma123 _n1 |
||
| 999 |
_c5114 _d5114 |
||